My first book of human body. (Record no. 110224)
[ view plain ]
| 000 -LEADER | |
|---|---|
| fixed length control field | 00341nam a2200133 a 4500 |
| 001 - CONTROL NUMBER | |
| control field | 4140 |
| 005 - DATE AND TIME OF LATEST TRANSACTION | |
| control field | 20140414131852.0 |
| 008 - FIXED-LENGTH DATA ELEMENTS--GENERAL INFORMATION | |
| fixed length control field | 090218s19uu xx 00 eng d |
| 050 ## - LIBRARY OF CONGRESS CALL NUMBER | |
| Classification number | REF 611 |
| Item number | Sw5 2004 |
| 100 ## - MAIN ENTRY--PERSONAL NAME | |
| Personal name | Swift, Christine |
| 245 ## - TITLE STATEMENT | |
| Title | My first book of human body. |
| 650 ## - SUBJECT ADDED ENTRY--TOPICAL TERM | |
| Topical term or geographic name as entry element | Human anatomy |
| General subdivision | Juvenile literature |
| Withdrawn status | Lost status | Damaged status | Home library | Current library | Shelving location | Date acquired | Total Checkouts | Full call number | Barcode | Date last seen | Price effective from | Koha item type |
|---|---|---|---|---|---|---|---|---|---|---|---|---|
| Munich Library | Munich Library | Reference Section | 02/18/2009 | REF 611 Sw5 2004 | M0558 | 04/14/2014 | 04/14/2014 | Books |